Riconosci il Pokémon - Quiz n°37 - Statistics

Statistiche generali
  • Questo quiz è stato fatto 14 volte
  • Il punteggio medio è 6 su 10
Statistiche sulle risposte
Indizio Risposta % Corretto
Generazione Nona
100%
Tipo Veleno / Normale
82%
Abilità Agiltecnica; Velentocco; Burla
64%
Altezza 0,7 m
55%
Peso 27,2 kg
55%
Sesso 50% ♂, 50% ♀
55%
Stadio evoluzione Prima evoluzione
55%
Tasso di cattura 90 (20.1%)
45%
Pokémon Grafaiai
45%
Tasso di allevamento Medio-Lento
45%
Nessun quiz corrispondente trovato
Distribuzione punteggi
Percentuale di utenti per punteggio
Percentile per numero di risposta
I tuoi punteggi nel tempo
Non hai fatto questo quiz